ՀՀ Գիտությունների ազգային ակադեմիայի հիմնարար գիտական գրադարան  =   Fundamental Scientific Library of NAS RA

Лабораторные работы по курсу гидравлики : (Record no. 293340)

MARC details
000 -LEADER
fixed length control field 01090nam a2200229 u 4500
001 - CONTROL NUMBER
control field 000808630
003 - CONTROL NUMBER IDENTIFIER
control field AM-YeHGA
005 - DATE AND TIME OF LATEST TRANSACTION
control field 20250617144414.0
008 - FIXED-LENGTH DATA ELEMENTS--GENERAL INFORMATION
fixed length control field 110510s1972 ru r 000 0 rus d
040 ## - CATALOGING SOURCE
Original cataloging agency AM-YeHGA
041 0# - LANGUAGE CODE
Language code of text/sound track or separate title rus
090 ## - LOCALLY ASSIGNED LC-TYPE CALL NUMBER (OCLC); LOCAL CALL NUMBER (RLIN)
-- 295025
100 1# - MAIN ENTRY--PERSONAL NAME
Personal name Астафичева, Тамара Николаева
245 10 - TITLE STATEMENT
Title Лабораторные работы по курсу гидравлики :
Remainder of title Для студентов гидротехнического факультета /
Statement of responsibility, etc. Т.Н. Астафичева, Г.Н. Косякова, Н.А. Яковлев; Ленингр. политехнический ин-т им. М.И. Калинина; Под ред. Р.Р. Чугаева.
260 ## - PUBLICATION, DISTRIBUTION, ETC.
Place of publication, distribution, etc. Ленинград :
Name of publisher, distributor, etc. Б. и.,
Date of publication, distribution, etc. 1972.
300 ## - PHYSICAL DESCRIPTION
Extent 123 с.
653 0# - INDEX TERM--UNCONTROLLED
Uncontrolled term Физика - Гидравлика - Учебник
700 1# - ADDED ENTRY--PERSONAL NAME
Personal name Косякова, Г.Н.
700 1# - ADDED ENTRY--PERSONAL NAME
Personal name Яковлев, Н.А.
700 1# - ADDED ENTRY--PERSONAL NAME
Personal name Чугаев, Р.Р.
Relator term ред.
Relationship edt
710 2# - ADDED ENTRY--CORPORATE NAME
Corporate name or jurisdiction name as entry element Ленинградский политехнический ин-т им. М.И. Калинина
Holdings
Withdrawn status Lost status Damaged status Not for loan Collection Home library Current library Date acquired Total checkouts Full call number Barcode Date last seen Price effective from Koha item type Public note
        General Fundamental Scientific Library Fundamental Scientific Library 29/12/2016   PII/302696 FL0189442 29/12/2016 29/12/2016 Գրքեր / Books 30 Days Loan
        General Fundamental Scientific Library Fundamental Scientific Library 29/12/2016   PII/305973 FL0193320 29/12/2016 29/12/2016 Գրքեր / Books 30 Days Loan


ՀՀ ԳԱԱ հիմնարար գիտական գրադարան
ՀՀ,Երևան 0019
Մարշալ Բաղրամյան 24/6
հեռախոս:(374-10) 52-47-50
Հետադարձ կապ

All site content, except where otherwise noted, is licensed under a
Creative Commons License